Halogens Sudden Death - Easy - Statistics

General Stats
  • This quiz has been taken 25 times
  • The average score is 4 of 6
Answers on the Grid
Answers color-coded by a green-red scale on the quiz's grid according to % correct below.
Xenon
Tellurium
Sulfer
Oxygen
Krypton
Iridium
Iodine
Hydrogen
Flourine
Chlorine
Cesium
Bromine
Barium
Astatine
Arsenic
Argon
Actium
Tennessine
Oganesson
 
Answer Stats
Answer % Correct
Flourine
88%
Chlorine
69%
Astatine
63%
Bromine
63%
Iodine
63%
Tennessine
56%
No matching quizzes found
Score Distribution
Percent of People with Each Score
Percentile by Number Answered
Your Score History
You have not taken this quiz